000 00521nam a2200217Ia 4500
005 20250425160911.0
008 250425s9999 xx 000 0 und d
020 _a8423406083
041 _aspa
043 _asp
082 _a658.452
100 _aGREVILLE, JANNER
245 0 _aCOMO PRESENTAR CON EXITO NUESTRAS IDEAS A LOS
250 _a1A ED.
260 _aEspaƱa
_bEDICIONES DEUSTO S.A.
_c1987
260 _aMADRID
300 _a235
710 _aEDICIONES DEUSTO S.A.
942 _c01
010 _a7931
999 _c198476
_d198476